Environmentálna ekonomika a manažment : cvičenia /

Hlavní autor: Hreusík, Stanislav
Korporativní autor: Žilinská univerzita. Fakulta prevádzky a ekonomiky dopravy a spojov
Jazyk: Slovenština
Vydáno: V Žiline : EDIS, 2011
Vydání: 1. vyd.
Témata:
Fyzický popis: 32, 2, 2 s. : il. ; 30 cm
Knihy
Uloženo v:
LEADER 01492nam a2200385 a 4500
001 001260936
003 CZ BrMZK
005 20121121131010.0
007 ta
008 121025s2011 xo a e p 000 0 slo
020 |a 978-80-554-0383-0  |q (brož.) 
040 |a BOA001  |b cze 
072 7 |a 502  |x Životní prostředí a jeho ochrana  |2 Konspekt  |9 2 
072 7 |a 37.016  |x Učební osnovy. Vyučovací předměty. Učebnice  |2 Konspekt  |9 22 
080 |a 502:33  |2 MRF 
080 |a 502.13  |2 MRF 
080 |a (075.8)  |2 MRF 
080 |a (076.5)  |2 MRF 
100 1 |a Hreusík, Stanislav  |7 mzk2008448508  |4 aut 
245 1 0 |a Environmentálna ekonomika a manažment :  |b cvičenia /  |c Stanislav Hreusík 
250 |a 1. vyd. 
260 |a V Žiline :  |b EDIS,  |c 2011 
300 |a 32, 2, 2 s. :  |b il. ;  |c 30 cm 
500 |a Nad názvem: Žilinská univerzita v Žiline, Fakulta prevádzky a ekonomiky dopravy a spojov 
500 |a 250 výt. 
504 |a Obsahuje bibliografii 
650 0 7 |a environmentální ekonomie  |7 ph114477  |2 czenas 
650 0 7 |a environmentální management  |7 ph114478  |2 czenas 
655 7 |a učebnice vysokých škol  |7 fd133772  |2 czenas 
655 7 |a praktická cvičení  |7 fd133118  |2 czenas 
710 2 |a Žilinská univerzita.  |b Fakulta prevádzky a ekonomiky dopravy a spojov  |7 ko2002102413 
910 2 |a BOA001  |b 4-1291.829 
990 |a BK 
991 |b 201211  |c NOV  |j 502 HRE  |e n 
996 7 |b 2610527288  |c 4-1291.829  |l MZK  |r Sklad / do 1 hodiny  |n 1  |p vým.  |w 001296564  |u 000010  |a 1  |e BOA001  |j MZK50  |s A